Kata-kata istilah geologi dan ilmu-ilmu jang berhubungan: Inggris-Indonesia dan Indonesia-Inggris. (Record no. 88944)

MARC details
000 -LEADER
fixed length control field 01106nam a22002531 4500
001 - CONTROL NUMBER
control field sa 68019526
003 - CONTROL NUMBER IDENTIFIER
control field DLC
005 - DATE AND TIME OF LATEST TRANSACTION
control field 20260227112718.0
008 - FIXED-LENGTH DATA ELEMENTS--GENERAL INFORMATION
fixed length control field 781010s1965 io d 00000 ind
010 ## - LIBRARY OF CONGRESS CONTROL NUMBER
LC control number sa 68019526 //r78
025 ## - OVERSEAS ACQUISITION NUMBER
Overseas acquisition number PL480:Indo-4781
041 0# - LANGUAGE CODE
Language code of text/sound track or separate title indeng
050 0# - LIBRARY OF CONGRESS CALL NUMBER
Classification number QE5
Item number .P87
100 20 - MAIN ENTRY--PERSONAL NAME
Personal name Purbo Hadiwidjoyo, M. M.
245 10 - TITLE STATEMENT
Title Kata-kata istilah geologi dan ilmu-ilmu jang berhubungan: Inggris-Indonesia dan Indonesia-Inggris.
Remainder of title English-Indonesian and Indonesian-English terms of geology and related sciences,
Statement of responsibility, etc. oleh M. M. Purbo Hadiwidjojo.
260 0# - PUBLICATION, DISTRIBUTION, ETC.
Place of publication, distribution, etc. [Bandung]
Name of publisher, distributor, etc. Republik Indonesia, Direktorat Geologi; Geological Survey of Indonesia,
Date of publication, distribution, etc. 1965.
300 ## - PHYSICAL DESCRIPTION
Extent ix, 83 p.
Dimensions 24 cm.
410 10 - SERIES STATEMENT/ADDED ENTRY--CORPORATE NAME [OBSOLETE, CAN/MARC], [LOCAL, USA]
Corporate name or jurisdiction name as entry element Indonesia.
Subordinate unit Direktorat Geologi.
Title of a work Publikasi teknik. Seri geologi chusus,
Volume number/sequential designation no. 2A
650 #0 - SUBJECT ADDED ENTRY--TOPICAL TERM
Topical term or geographic name entry element Geology
General subdivision Dictionaries.
650 #0 - SUBJECT ADDED ENTRY--TOPICAL TERM
Topical term or geographic name entry element English language
General subdivision Dictionaries
-- Indonesian.
650 #0 - SUBJECT ADDED ENTRY--TOPICAL TERM
Topical term or geographic name entry element Geology
General subdivision Dictionaries
-- Indonesian.
650 #0 - SUBJECT ADDED ENTRY--TOPICAL TERM
Topical term or geographic name entry element Indonesian language
General subdivision Dictionaries
-- English.
740 #1 - ADDED ENTRY--UNCONTROLLED RELATED/ANALYTICAL TITLE
Uncontrolled related/analytical title English-Indonesian and Indonesian-English terms of geology, and related sciences.

No items available.

Powered by Koha